| 000 | 01116nam a22002417a 4500 | ||
|---|---|---|---|
| 003 | OSt | ||
| 005 | 20260326191917.0 | ||
| 008 | 251106b |||||||| |||| 00| 0 eng d | ||
| 040 | _c0 | ||
| 082 | _aDPer 361.05 J826 January 2018 v. 65 n. 1 | ||
| 100 |
_aLent, Robert W. _eauthor. _969239 |
||
| 245 |
_aPredictors of science, technology, engineering, and mathematics choice option : _bA meta-analytic path analysis of social-cognitive choice model by gender and race/ethnicity. _cRobert W. Lent, Matthew J. Miller, Hung-Bin Sheu, Megan E. Cusick, Lee T. Penn and Nancy N. Truong. |
||
| 260 |
_aU.S.A ; _bAmerican Psychological Association , _cJanuary 2018. |
||
| 300 |
_aVolume 65, pages 17-35 : _billustration ; _c28 cm. |
||
| 500 | _aJournal of Counseling Psychology, vol. 65, no. 1, pages 17-35, January 2018. | ||
| 700 |
_aLent, Robert W. _eauthor. _969239 |
||
| 700 |
_aMiller, Matthew J. _eAuthor. _969274 |
||
| 700 |
_aSheu,Hung-Bin. _eAuthor. _928273 |
||
| 700 |
_aCusick, Megan E. _eAuthor. _969275 |
||
| 700 |
_aPenn, Lee T. _eAuthor. _969276 |
||
| 700 |
_aTruong, Nancy N. _eAuthor. _969277 |
||
| 942 |
_2ddc _cPER |
||
| 999 |
_c24163 _d24163 |
||